Statistics for Logic Discography

Click here to take the quiz!

General Stats

  • This quiz has been taken 55 times
    (24 since last reset)
  • The average score is 13 of 18

Answer Stats

YearNameType% Correct
2014Under PressureAlbum
100%
2016Bobby TarantinoMixtape
96%
2018Bobby Tarantino IIMixtape
96%
2020No PressureAlbum
92%
2019SupermarketSoundtrack
92%
2015The Incredible True StoryAlbum
92%
2018YSIVAlbum
92%
2019Confessions of a Dangerous MindAlbum
88%
2017EverybodyAlbum
88%
2022Vinyl DaysAlbum
88%
2011Young SinatraMixtape
88%
2021Bobby Tarantino IIIMixtape
83%
2010Young, Broke & InfamousMixtape
58%
2012Young Sinatra: UndeniableMixtape
46%
2013Young Sinatra: Welcome to ForeverMixtape
46%
2021YS Collection Vol. 1Compilation
38%
2009Logic: The MixtapeMixtape
13%
2021Planetary DestructionAlbum
13%

Score Distribution

Percentile by Number Answered

Percent of People with Each Score

Your Score History

You have not taken this quiz since the last reset